<?xml version="1.0" encoding="UTF-8"?>
<record
    xmlns:xsi="http://www.w3.org/2001/XMLSchema-instance"
    xsi:schemaLocation="http://www.loc.gov/MARC21/slim http://www.loc.gov/standards/marcxml/schema/MARC21slim.xsd"
    xmlns="http://www.loc.gov/MARC21/slim">

  <leader>00595nam a22001217a 4500</leader>
  <datafield tag="040" ind1=" " ind2=" ">
    <subfield code="c">RUA</subfield>
  </datafield>
  <datafield tag="100" ind1=" " ind2=" ">
    <subfield code="a">TON VANNAK ,&#x178F;&#x17BB;&#x1793;&#x200B; &#x179C;&#x178E;&#x17D2;&#x178E;&#x17C8;</subfield>
  </datafield>
  <datafield tag="245" ind1=" " ind2=" ">
    <subfield code="a">Effect of Cuuting Age of Fforages on Gas Production By Using In Vitro Techinique,&#x17A5;&#x1791;&#x17D2;&#x1791;&#x17B7;&#x1796;&#x179B;&#x1793;&#x17C3;&#x178A;&#x17C6;&#x178E;&#x17B6;&#x17C6;&#x1785;&#x17C6;&#x178E;&#x17B8;&#x179F;&#x178F;&#x17D2;&#x179C;&#x1791;&#x17C5;&#x1795;&#x179B;&#x17B7;&#x178F;&#x1795;&#x179B;&#x17A7;&#x179F;&#x17D2;&#x1798;&#x17D0;&#x1793;&#x178A;&#x17C4;&#x1799;&#x1794;&#x17D2;&#x179A;&#x17BE;&#x179C;&#x17B7;&#x1792;&#x17B8;&#x179F;&#x17B6;&#x179F;&#x17D2;&#x179A;&#x17D2;&#x178F;In-vitor</subfield>
  </datafield>
  <datafield tag="260" ind1=" " ind2=" ">
    <subfield code="a">phnom penh </subfield>
    <subfield code="b">RUA </subfield>
    <subfield code="c">2017</subfield>
  </datafield>
  <datafield tag="300" ind1=" " ind2=" ">
    <subfield code="a">x,41p,</subfield>
    <subfield code="b">ill,</subfield>
    <subfield code="c">29cm,</subfield>
  </datafield>
  <datafield tag="856" ind1=" " ind2=" ">
    <subfield code="u">https://drive.google.com/file/d/1gR9fveeAB72im1g5E4Tjbvh68UR0-3G3/view?usp=sharing</subfield>
  </datafield>
  <datafield tag="942" ind1=" " ind2=" ">
    <subfield code="c">ANS</subfield>
  </datafield>
  <datafield tag="999" ind1=" " ind2=" ">
    <subfield code="c">19689</subfield>
    <subfield code="d">19689</subfield>
  </datafield>
  <datafield tag="952" ind1=" " ind2=" ">
    <subfield code="0">0</subfield>
    <subfield code="1">0</subfield>
    <subfield code="2">ddc</subfield>
    <subfield code="4">0</subfield>
    <subfield code="6">ANS_TON_2017_000000000000000_B543_OR</subfield>
    <subfield code="7">0</subfield>
    <subfield code="9">86640</subfield>
    <subfield code="a">LBB</subfield>
    <subfield code="b">LBB</subfield>
    <subfield code="c">B543</subfield>
    <subfield code="d">2021-01-27</subfield>
    <subfield code="o">ANS TON 2017 B543 Or.</subfield>
    <subfield code="p">A064965</subfield>
    <subfield code="r">2021-01-27</subfield>
    <subfield code="w">2021-01-27</subfield>
    <subfield code="y">ANS</subfield>
  </datafield>
  <datafield tag="952" ind1=" " ind2=" ">
    <subfield code="0">0</subfield>
    <subfield code="1">0</subfield>
    <subfield code="2">ddc</subfield>
    <subfield code="4">0</subfield>
    <subfield code="6">ANS_TON_2017_000000000000000_B543_OR</subfield>
    <subfield code="7">0</subfield>
    <subfield code="9">86641</subfield>
    <subfield code="a">LBB</subfield>
    <subfield code="b">LBB</subfield>
    <subfield code="c">B543</subfield>
    <subfield code="d">2021-01-27</subfield>
    <subfield code="o">ANS TON 2017 B543 Or.</subfield>
    <subfield code="p">A064909</subfield>
    <subfield code="r">2021-01-27</subfield>
    <subfield code="w">2021-01-27</subfield>
    <subfield code="y">ANS</subfield>
  </datafield>
  <datafield tag="952" ind1=" " ind2=" ">
    <subfield code="0">0</subfield>
    <subfield code="1">0</subfield>
    <subfield code="2">ddc</subfield>
    <subfield code="4">0</subfield>
    <subfield code="6">ANS_TON_2017_000000000000000_B543_OR</subfield>
    <subfield code="7">0</subfield>
    <subfield code="9">86642</subfield>
    <subfield code="a">LBB</subfield>
    <subfield code="b">LBB</subfield>
    <subfield code="c">B543</subfield>
    <subfield code="d">2021-01-27</subfield>
    <subfield code="o">ANS TON 2017 B543 Or.</subfield>
    <subfield code="p">A065089</subfield>
    <subfield code="r">2021-01-27</subfield>
    <subfield code="w">2021-01-27</subfield>
    <subfield code="y">ANS</subfield>
  </datafield>
  <datafield tag="952" ind1=" " ind2=" ">
    <subfield code="0">0</subfield>
    <subfield code="1">0</subfield>
    <subfield code="2">ddc</subfield>
    <subfield code="4">0</subfield>
    <subfield code="6">ANS_TON_2017_000000000000000_B543_OR</subfield>
    <subfield code="7">0</subfield>
    <subfield code="9">86643</subfield>
    <subfield code="a">LBB</subfield>
    <subfield code="b">LBB</subfield>
    <subfield code="c">B543</subfield>
    <subfield code="d">2021-01-27</subfield>
    <subfield code="o">ANS TON 2017 B543 Or.</subfield>
    <subfield code="p">A065029</subfield>
    <subfield code="r">2021-01-27</subfield>
    <subfield code="w">2021-01-27</subfield>
    <subfield code="y">ANS</subfield>
  </datafield>
  <datafield tag="952" ind1=" " ind2=" ">
    <subfield code="0">0</subfield>
    <subfield code="1">0</subfield>
    <subfield code="2">ddc</subfield>
    <subfield code="4">0</subfield>
    <subfield code="6">ANS_TON_2017_000000000000000_B543_OR</subfield>
    <subfield code="7">0</subfield>
    <subfield code="9">86644</subfield>
    <subfield code="a">LBB</subfield>
    <subfield code="b">LBB</subfield>
    <subfield code="c">B543</subfield>
    <subfield code="d">2021-01-27</subfield>
    <subfield code="o">ANS TON 2017 B543 Or.</subfield>
    <subfield code="p">A064969</subfield>
    <subfield code="r">2021-01-27</subfield>
    <subfield code="w">2021-01-27</subfield>
    <subfield code="y">ANS</subfield>
  </datafield>
  <datafield tag="952" ind1=" " ind2=" ">
    <subfield code="0">0</subfield>
    <subfield code="1">0</subfield>
    <subfield code="2">ddc</subfield>
    <subfield code="4">0</subfield>
    <subfield code="6">ANS_TON_2017_000000000000000_B543_OR</subfield>
    <subfield code="7">0</subfield>
    <subfield code="9">86645</subfield>
    <subfield code="a">LBB</subfield>
    <subfield code="b">LBB</subfield>
    <subfield code="c">B543</subfield>
    <subfield code="d">2021-01-27</subfield>
    <subfield code="o">ANS TON 2017 B543 Or.</subfield>
    <subfield code="p">A064879</subfield>
    <subfield code="r">2021-01-27</subfield>
    <subfield code="w">2021-01-27</subfield>
    <subfield code="y">ANS</subfield>
  </datafield>
</record>
